Elementarnaja teorija rjadov Ejzenštejna

Na minha lista:
Detalhes bibliográficos
Formato: Livro
Idioma:russo
Publicado em: Moskva Nauka 1986
Edição:1. izd.
Tags: Adicionar Tag
Sem tags, seja o primeiro a adicionar uma tag!

MARC

LEADER 00000nam a2200000 4500
001 c024109
005 20260108131047.5
041 0 |a rus 
044 |a RU 
245 1 0 |a Elementarnaja teorija rjadov Ejzenštejna  |c Tomio Kubota ; [Z angl. prel.] P.G. Zografa 
250 |a 1. izd. 
264 1 |a Moskva  |b Nauka  |c 1986 
300 |a 134 s.